KANSAS CITY CHIEFS STARTING OFFENSE - Statistics

General Stats
  • This quiz has been taken 219 times
  • The average score is 5 of 11
Answer Stats
Hint Answer % Correct
QB Patrick mahomes
100%
TE Travis Kelce
89%
RB Isiah Pacheco
88%
C Creed Humphrey
72%
LG Joe Thuney
48%
WR Marquez Valdes-Scantling
38%
RG Trey Smith
22%
WR Kadarius Toney
19%
RT Jawaan Taylor
17%
WR Skyy Moore
17%
LT Donovan Smith
15%
No matching quizzes found
Score Distribution
Percent of People with Each Score
Percentile by Number Answered
Your Score History
You have not taken this quiz